Estatísticas para Você sabe que cidade é esta?

Clique aqui para jogar o quiz

Estatísticas Gerais

  • Esse quiz foi jogado 194 vezes
  • A pontuação média é 6 de 19

Estatísticas das Respostas

PistaEstadoCidade% Correto
O Juiz não entraMGJuiz de Fora
99%
Lá todos são intocáveisRSNão-me-toque
54%
Fez parte de "Os Trapalhões"RSMuçum
52%
o bebê do cachorroAPCachorrinho
48%
Se batata fosse fruta. a árvore seria...PEBatateira
45%
Se fosse à noite, seria JantarPAAlmoço
43%
A chave de fenda é minha amigaBAParafuso
43%
Faz falta na hora de dormirRSTravesseiro
36%
Regime de governo idealAMDemocracia
32%
Ho, Ho, Ho...MTFeliz Natal
31%
Cavalo velhoPRPangaré
21%
Se está muito quente, sai...RJFumaça
19%
Huguinho, sobrinho do Pato Donald, tem...RSDois Irmãos
17%
O marceneiro me conhece bemCESerrote
16%
Sou um insetoCEGafanhoto
10%
Planta que fica nos cantosSCXaxim
7%
Ninguém vai embora de láRNPassa e fica
6%
Fruta boa pra doceMAAbacate
5%
Vai bem como aperitivoPESalgadinho
5%

Distribuição das Pontuações

Percentil de Números Respondidos

Porcentagem de Pessoas com Cada Pontuação

Sua Pontuação Histórica

Você não jogou esse quiz